| 000 | 00907nam a2200301 a 4500 | ||
|---|---|---|---|
| 999 |
_c7476 _d7476 |
||
| 001 | 991011748399706706 | ||
| 003 | OSt | ||
| 005 | 20211201133642.0 | ||
| 008 | 950612s1994 sp |||||| |00| ||spa|c | ||
| 020 | _a847491521X | ||
| 035 | _a(ES-BaCBU)b1283161x-34csuc_network | ||
| 035 | _a(ES-BaCBU).b1283161x | ||
| 035 | _a(ccuc001)b1283161x | ||
| 040 |
_aES-BaCBU _bcat _cCDMR |
||
| 080 | _a654.17:32 | ||
| 090 |
_aPN1992.6 _b.T45 1994 |
||
| 245 | 0 | 0 |
_aTelevisión y política / _cFernando Huertas (Coordinador) |
| 260 |
_aMadrid : _bEditorial Complutense, _c1994 |
||
| 300 |
_a193 p. ; _c26 cm |
||
| 650 | 0 | 0 |
_aTelevisió i política _94174 |
| 650 | 0 | 4 |
_aTelevisió _xAspectes socials |
| 700 | 1 | _aHuertas, Fernando. | |
| 830 | 0 |
_aCAVP ; _v1 |
|
| 907 |
_a.b1283161x _b16-06-21 _c07-05-08 _d12-06-95 _em _fa _g- _hspa _isp _j0 _k1 |
||
| 908 |
_aUAB _aUB _aUPF _aURL _aUIC |
||
| 940 | _dUPF | ||
| 942 |
_2udc _cMON |
||